Niektoré fragmenty filozofie účtovníctva

Bibliographic Details
Main Author: Králiček, Vladimír, 1912-2005 (Author)
Format: Article
Language:Slovak
ISSN:1335-0420
Subjects:

MARC

LEADER 00000nab a2200000 a 4500
001 vtls000533479
003 SK-MaSNL
005 20260303214917.0
008 120928c1994 xo 0 slo
015 |a SNBRB19rr/mm-uuuuu 
035 |a CL0533617 
040 |a SNKBUCL  |b slo  |c SNKBUCL  |e AACR2 
041 0 |a slo 
044 |a xo  |c SK 
080 |a 657  |2 1981 
100 1 |a Králiček, Vladimír,  |d 1912-2005  |4 aut  |9 242739 
245 1 0 |a Niektoré fragmenty filozofie účtovníctva  |c Vladimír Králiček 
650 0 7 |a účtovníctvo  |2 snkbucl  |9 649 
655 7 |a články z novín a časopisov  |2 snkbucl  |9 267496 
773 0 |t Zvesti  |g Roč. 2, č. 6 (1994), s. 121-122  |x 1335-0420 
850 |a Slovenská národná knižnica v Martine  |a MTA001 
852 |a SNK  |b KIS3GCP 
958 |a RK 
992 |a RBX 
999 |c 2219281  |d 2221211